000 00932nam a2200265Ia 4500
003 OSt
005 20220923211527.0
006 a|||||r|||| 00| 0
007 ta
008 220922b |||||||| |||| 00| 0 hin d
020 _a9789381467282 (hbk)
_c195
024 _a263,882
037 _bIN-04428, 26/06/2012, Kitab Ghar Prakashan
_cTextual
040 _aARTS
_cARTS
_bhin
041 _2hin
_ahin
082 _aO152,3NMI6x, Q2
100 _aमिश्र, गोविन्द
_9156279
245 0 _aनये सिरे से
246 _aNaye sire se
260 _aनयी दिल्ली
_b किताबघर प्रकाशन
_c2012
300 _a135पृ.
_ccm.
650 _aहिन्दी साहित्य
_9156264
942 _hO152,3NMI6x, Q2
_cTEXL
_2CC
999 _c300452
_d300452